00599nam a22001817a 450000500170000001000150001702000260003202000150005803500140007303700090008708200150009610000170011124500990012825000060022726000430023327001170027630000240039320240822144044.0 aENG-141371 a9788196288693c499.00 a8196288697 aEN-124903 bDBAD a954.08921 aKarkra, B.K. aLittle Known Army Martyrs of 1857:bWho Paved the Way for Indian Independence/cBy B.K. Karkra a1 aNew DelhibBookmart Distributorsc2023 a210, Ansal Chamber-II, Bikaji Cama Place bNew Delhie110066k+91-11-23193636k9810700039mbookmart329@gmail.com avi,212p.:c23cm(Pb)